Para entender el proceso de cambio económico / (Registro nro. 4095)
[ vista simple ]
| 000 -LEADER | |
|---|---|
| fixed length control field | 01389nam a2200289Ia 4500 |
| 003 - CONTROL NUMBER IDENTIFIER | |
| control field | OSt |
| 005 - DATE AND TIME OF LATEST TRANSACTION | |
| control field | 20200605151741.0 |
| 008 - FIXED-LENGTH DATA ELEMENTS--GENERAL INFORMATION | |
| fixed length control field | 191128s2007 ck gr 000 0dspa d |
| 020 ## - INTERNATIONAL STANDARD BOOK NUMBER | |
| International Standard Book Number | 9789580499794 |
| 040 ## - CATALOGING SOURCE | |
| Original cataloging agency | CO-JMCR |
| Transcribing agency | CO-JMCR |
| 041 0# - LANGUAGE CODE | |
| Language code of text/sound track or separate title | spa |
| 082 04 - DEWEY DECIMAL CLASSIFICATION NUMBER | |
| Classification number | 330.1 / |
| Item number | N864p |
| Edition number | 23 |
| 100 1# - MAIN ENTRY--PERSONAL NAME | |
| Personal name | North, Douglass C., |
| Relator term | autor |
| 9 (RLIN) | 5055 |
| 245 10 - TITLE STATEMENT | |
| Title | Para entender el proceso de cambio económico / |
| Statement of responsibility, etc. | Douglass C. North ; Traducción de Horacio Pons |
| 260 ## - PUBLICATION, DISTRIBUTION, ETC. | |
| Place of publication, distribution, etc. | Bogotá : |
| Name of publisher, distributor, etc. | Norma, |
| Date of publication, distribution, etc. | 2007 |
| 300 ## - PHYSICAL DESCRIPTION | |
| Extent | 262 páginas ; |
| Dimensions | 23 cm. |
| 490 0# - SERIES STATEMENT | |
| Series statement | Vitral |
| 500 ## - GENERAL NOTE | |
| General note | Incluye biografía del autor en solapa frontal. |
| 505 ## - FORMATTED CONTENTS NOTE | |
| Formatted contents note | Una síntesis del proceso de cambio económico -- Lo s temas involucrados en la comprensión del cambio económico -- La incertidumbre en un mundo no-ergódico -- Sistemas de creencias, culturas y ciencias cognitivas -- Conciencia e internacionalidad humana |
| 520 ## - SUMMARY, ETC. | |
| Summary, etc. | La comprensión del proceso de cambio económico nos permitiría explicar la diversidad de desempeños de las economías, pasadas y presentes, podíamos explicar la larga historia del crecimiento sostenido de Estados Unidos |
| 534 ## - ORIGINAL VERSION NOTE | |
| Introductory phrase | Understading the process of Economic Change |
| 650 14 - SUBJECT ADDED ENTRY--TOPICAL TERM | |
| Topical term or geographic name entry element | Económia evolutiva |
| 9 (RLIN) | 5056 |
| 650 24 - SUBJECT ADDED ENTRY--TOPICAL TERM | |
| Topical term or geographic name entry element | Económia aspectos sociales |
| 9 (RLIN) | 5057 |
| 650 24 - SUBJECT ADDED ENTRY--TOPICAL TERM | |
| Topical term or geographic name entry element | Económia institucional |
| 9 (RLIN) | 5058 |
| 700 1# - ADDED ENTRY--PERSONAL NAME | |
| Personal name | Horacio Pons, |
| Relator term | traductor |
| 9 (RLIN) | 5059 |
| 942 ## - ADDED ENTRY ELEMENTS (KOHA) | |
| Source of classification or shelving scheme | Dewey Decimal Classification |
| Koha item type | Books |
| Withdrawn status | Lost status | Source of classification or shelving scheme | Materials specified (bound volume or other part) | Damaged status | Not for loan | Home library | Current library | Shelving location | Date acquired | Source of acquisition | Cost, normal purchase price | Total Checkouts | Full call number | Barcode | Date last seen | Copy number | Price effective from | Koha item type |
|---|---|---|---|---|---|---|---|---|---|---|---|---|---|---|---|---|---|---|
| Dewey Decimal Classification | Donación--24/08/2018-- | Biblioteca Pública José María del Castillo y Rada | Biblioteca Pública José María del Castillo y Rada | General Stacks | 11/28/2019 | Donación | 0.00 | 330.1 / N864p | 201808897 | 05/16/2024 | Ej.1 | 11/28/2019 | Books |